00224nam a2200097Ia 4500008004100000100001800041245003400059260001600093260000900109300000800118170620s9999 xx 000 0 und d aTarafder-S.K. 0aHow to Learn Flawless English bA.P.H. Pub. c2007 a244